Дело об отправлении к директору Виленской дирекции народных училищ из сумм свечного сбора, заимообразно, 2500 рублей для употреб...

Доступно только в Электронных читальных залах Найти на картеНа карте
RUSMARC
00003867nmc2a22002413x 450
001671e32f6-7f10-4294-b19e-d1750e811450
00520210820075204.0
100##$a20210323l18811886k l0rusy0189 ca
1010#$arus
102##$aRU
105##$ay###
1222#$ad
2001#$aДело об отправлении к директору Виленской дирекции народных училищ из сумм свечного сбора, заимообразно, 2500 рублей для употребления их на покрытие текущих расходов в 1881 году по содержанию виленских казенных еврейских школ русской грамотности
$j17 октября 1881 г. - 7 мая 1886 г.
215##$a28 л.
$d36,5х26 см
251##$cДело
300##$aДело
371##$aДокумент не является опубликованным и широко распространяемым
461#0$1001a74412a3-3cc5-4d21-8f0a-dfe2fbd9e72d
$12001
$aДепартамент народного просвещения Министерства народного просвещения (1803-1917)
$1251
$cФонд
$1852
$j733
462#0$1001208a61b7-2020-4ed4-afdc-eeb27c3654e1
$12001
$aДела Департамента народного просвещения по части образования евреев (1863-1892 гг.)
$1251
$cОпись
$1852
$j189
801#0$aRU
$bРГИА
$c20210323
$gRCR
801#1$aRU
$bГлавНИВЦ
$c20210323
$2rusmarc
801#2$aRU
$bПБ им. Б.Н. Ельцина
$c20210820
$gRCR
$2rusmarc
850##$aРГИА
852##$aРГИА
$eФедеральное казенное учреждение "Российский государственный исторический архив" (РГИА)
$j659
937##$hРГИА
$d12362007
$aASBIBLIO_SCAN
035##$aRusGRCC00026090
856##$uhttp://readingroom.main.prlib.ru/item.aspx?id_node=n167526052&mode=full
Формат отображения